000 01573cam a2200397 i 4500
001 49646
003 BD-RjUL
005 20211209054716.0
008 830208m19751985ctub b 001 0 eng
020 _a083716365X (v. 1) :
_c$25.00
020 _a0837181631 (V-2)
035 _a(OCoLC)1217224
035 _a(OCoLC)ocm01217224
035 _a(CStRLIN)NYCG83-B9425
035 _a(BD-RjUL)49765
035 _a(NNC)198503
040 _dNNC
_aBD-RjUL
_beng
_cBD-RjUL
041 1 _aengger
082 _a355.009
_bDEH 1975
090 _aU27
_b.D34213 1975
100 1 _aDelbruck, Hans,
_d1848-1929.
_9148857
245 1 0 _aHistory of the art of war within the framework of political history /
_cby Hans Delbruck ; translated from the German by Walter J. Renfroe, Jr.
260 _aWestport, Conn. :
_bGreenwood Press,
_c1975-1985.
300 _aV. :
_bill. ;
_c24 cm.
490 1 _aContributions in military history ;
_vno. 9, 20, 26, 39
500 _aTranslation of: Geschichte der Kriegskunst im Rahmen der politischen Geschichte.
504 _aIncludes bibliographical references and indexes.
505 0 _av. 1. Antiquity.--v. 2. The Germans.--v. 3. The Middle Ages.--v. 4. The Modern Era.
650 0 _aMilitary art and science
_xHistory.
_9148858
650 0 _aNaval art and science
_xHistory.
_9148458
650 0 _aWar
_xHistory.
_9148859
830 0 _aContributions in military history ;
_vno. 9, etc.
_9148860
942 _2ddc
_cBK
999 _c49646
_d49646